000 00338nam a22001337a 4500
020 _a071520094 I
082 _a228 BAR V1
100 _aBarclay, Rev. William
245 _aThe Revelation of John: The Daily Study Bible
260 _aGlasgow
_bSt. Andrew Press
_c1959
300 _a231
650 _aApocalyptic Lliterature
942 _cBK
999 _c20896
_d20896